Loading...
| Fine Arts - Other | 0 | 2 | 0 | 0 | 20 | 84 | 109.50 | 0 | 2 | 0.00 | 0.00 |
| History - Other | 0 | 2 | 0 | 0 | 20 | 106 | 122.50 | 0 | 2 | 0.00 | 0.00 |
| History - World | 0 | 1 | 0 | 0 | 10 | 130 | 130.00 | 0 | 1 | 0.00 | 0.00 |
| Literature - British | 0 | 1 | 0 | 1 | 10 | 143 | 143.00 | 0 | 1 | 0.00 | 0.00 |
| Philosophy | 0 | 1 | 0 | 0 | 10 | 130 | 130.00 | 0 | 1 | 0.00 | 0.00 |
| Pop Culture | 0 | 1 | 0 | 0 | 10 | 128 | 128.00 | 0 | 1 | 0.00 | 0.00 |
| Current Events | 0 | 1 | 0 | 0 | 10 | 114 | 114.00 | 0 | 1 | 0.00 | 0.00 |
| Geography | 0 | 1 | 0 | 1 | 10 | 134 | 134.00 | 0 | 1 | 0.00 | 0.00 |
| Social Science | 0 | 1 | 1 | 1 | 5 | 136 | 136.00 | 0 | 1 | 0.00 | 0.00 |
| Religion | 0 | 1 | 2 | 0 | 0 | 91 | 91.00 | 0 | 1 | 0.00 | 0.00 |